[Event "Madrid Chamartin op 8th"]
[Site "Madrid"]
[Date "2019.09.12"]
[Round "5"]
[White "Alameda Arellano, Cristeto"]
[Black "Castro Uceda, Jose Antonio"]
[Result "1/2-1/2"]
[WhiteElo "1552"]
[BlackElo "1518"]
[PlyCount "20"]
[EventDate "2019.09.09"]
[EventType "swiss"]
[EventRounds "9"]
[EventCountry "ESP"]
[SourceTitle "CBM 192 Extra"]
[Source "Chessbase"]
[SourceDate "2019.11.06"]
[SourceVersion "1"]
[SourceVersionDate "2019.11.06"]
[SourceQuality "1"]

1. d4 Nf6 2. Bf4 d5 3. e3 e6 4. Nf3 Bd6 5. Bg3 0-0 6. Nbd2 Re8 7. Bd3 c6 8. Ne5 Nbd7 9. c3 Qc7 10. f4 a6 1/2-1/2

[Event "Madrid Chamartin op 8th"]
[Site "Madrid"]
[Date "2019.09.09"]
[Round "1"]
[White "Alameda Arellano, Cristeto"]
[Black "Carrasco Coquillat, Alvaro"]
[Result "1/2-1/2"]
[WhiteElo "1552"]
[BlackElo "2009"]
[PlyCount "92"]
[EventDate "2019.09.09"]
[EventType "swiss"]
[EventRounds "9"]
[EventCountry "ESP"]
[SourceTitle "CBM 192 Extra"]
[Source "Chessbase"]
[SourceDate "2019.11.06"]
[SourceVersion "1"]
[SourceVersionDate "2019.11.06"]
[SourceQuality "1"]

1. d4 Nf6 2. Bf4 g6 3. e3 Bg7 4. h3 0-0 5. Nf3 d6 6. Be2 c5 7. c3 Nbd7 8. 0-0 b6 9. Nbd2 Bb7 10. Bh2 a6 11. a4 Ra7 12. Bd3 Qa8 13. Qe2 Ne4 14. Nxe4 Bxe4 15. Bxe4 Qxe4 16. Rac1 Rc8 17. Nd2 Qc6 18. Ra1 Rb8 19. Qd3 b5 20. d5 Qb7 21. e4 bxa4 22. Rxa4 Qxb2 23. c4 Bc3 24. Bf4 Bxd2 25. Bxd2 Rb3 26. Qe2 Nb6 27. Raa1 Rb7 28. Rfb1 Qxb1+ 29. Rxb1 Rxb1+ 30. Kh2 Rb2 31. Qd3 Nxc4 32. Bc3 Ne5 33. Qxa6 R2b6 34. Qa4 Nd7 35. f4 f6 36. h4 Rb3 37. Bd2 Kg7 38. h5 Rd3 39. Qc6 Rdb3 40. Qc8 gxh5 41. Qe8 Nf8 42. Qxh5 Rd3 43. Qg4+ Kf7 44. Qh5+ Kg8 45. Qg4+ Kf7 46. Qh5+ Kg8 1/2-1/2

[Event "Alcorcon Spring op-B 1st"]
[Site "Alcorcon"]
[Date "2019.05.05"]
[Round "6"]
[White "Soto Perez Cejuela, Helena"]
[Black "Alameda Arellano, Cristeto"]
[Result "0-1"]
[WhiteElo "1311"]
[BlackElo "1574"]
[PlyCount "42"]
[EventDate "2019.03.24"]
[EventType "swiss"]
[EventRounds "9"]
[EventCountry "ESP"]
[SourceTitle "EXT 2020"]
[Source "ChessBase"]
[SourceDate "2019.10.17"]
[SourceVersion "1"]
[SourceVersionDate "2019.10.17"]
[SourceQuality "1"]

1. e4 c6 2. Nf3 d5 3. Nc3 Bg4 4. d4 e6 5. h3 Bxf3 6. Qxf3 Nf6 7. Be3 Bb4 8. Bd3 dxe4 9. Bxe4 Nxe4 10. Qxe4 Qa5 11. Bd2 Nd7 12. 0-0 Nf6 13. Qd3 Rd8 14. a3 Be7 15. Qg3 Rxd4 16. Qxg7 Rg8 17. Qh6 Qf5 18. Qe3 Rh4 19. Rfd1 Bc5 20. Qe2 Rxg2+ 21. Kxg2 Qxh3+ 0-1

[Event "Madrid-ch Previa-B"]
[Site "Madrid"]
[Date "2019.02.09"]
[Round "5"]
[White "Alameda Arellano, Cristeto"]
[Black "Marin Aso, Jose Luis"]
[Result "1/2-1/2"]
[WhiteElo "1564"]
[BlackElo "1915"]
[PlyCount "93"]
[EventDate "2019.02.01"]
[EventType "swiss"]
[EventRounds "9"]
[EventCountry "ESP"]
[SourceTitle "CBM 189 Extra"]
[Source "ChessBase"]
[SourceDate "2019.05.31"]
[SourceVersion "1"]
[SourceVersionDate "2019.05.31"]
[SourceQuality "1"]

1. d4 Nf6 2. Bf4 c5 3. e3 Qb6 4. Na3 d6 5. dxc5 Qxc5 6. h3 g6 7. Nf3 Bg7 8. c3 0-0 9. Be2 Nd5 10. Qd3 Bf5 11. Qd2 Nxf4 12. exf4 e5 13. Nc4 exf4 14. Qxf4 d5 15. Ncd2 Re8 16. Nd4 Bxd4 17. cxd4 Qb5 18. Ne4 Qb6 19. Nd6 Qxb2 20. 0-0 Rxe2 21. Nxf5 Nc6 22. Rab1 Qd2 23. Qg4 Re4 24. Qg3 Nxd4 25. Nxd4 Qxd4 26. Rxb7 Rae8 27. Qf3 R4e7 28. Rxe7 Rxe7 29. Rd1 Qe4 30. Rxd5 Qb1+ 31. Kh2 Qxa2 32. Rd8+ Kg7 33. Qc3+ f6 34. Rd6 Qf7 35. Qa3 Rd7 36. Ra6 Qe7 37. Qxe7+ Rxe7 38. Kg3 Kf7 39. h4 Kg7 40. Kf4 Rb7 41. g4 Kf7 42. Ke4 Rb4+ 43. Kf3 Rb2 44. Ke4 Rb4+ 45. Kf3 Rb7 46. Ke4 Rd7 47. f4 1/2-1/2

[Event "Madrid-ch Previa-B"]
[Site "Madrid"]
[Date "2019.02.01"]
[Round "1"]
[White "Martin Arbeloa, Fernando"]
[Black "Alameda Arellano, Cristeto"]
[Result "1/2-1/2"]
[WhiteElo "1913"]
[BlackElo "1564"]
[PlyCount "135"]
[EventDate "2019.02.01"]
[EventType "swiss"]
[EventRounds "9"]
[EventCountry "ESP"]
[SourceTitle "CBM 189 Extra"]
[Source "ChessBase"]
[SourceDate "2019.05.31"]
[SourceVersion "1"]
[SourceVersionDate "2019.05.31"]
[SourceQuality "1"]

1. d4 d5 2. c4 c6 3. cxd5 cxd5 4. Bf4 Nf6 5. Nc3 e6 6. e3 a6 7. Bd3 Nc6 8. Rc1 b5 9. h3 Bb7 10. Nf3 Be7 11. 0-0 0-0 12. Qe2 Qb6 13. Bb1 Rac8 14. Nd2 Na5 15. Bg5 Nc4 16. Nf3 Nd6 17. Ne5 Rc7 18. Qd3 Nde4 19. Bh4 Rfc8 20. Ne2 g6 21. f3 Nd6 22. Bg3 a5 23. Rxc7 Rxc7 24. Nc3 Ba6 25. Qd1 Nc4 26. Nxc4 Rxc4 27. Bd3 Rc8 28. Qe2 a4 29. Nxa4 Qa5 30. b3 Rc6 31. Be1 Qc7 32. Nb2 Ba3 33. Nd1 Nd7 34. Nf2 e5 35. Nh1 exd4 36. exd4 Qb6 37. Bf2 Re6 38. Qc2 Rc6 39. Qd2 Nf8 40. Re1 Ne6 41. Bb1 Qc7 42. Bg3 Qe7 43. Qf2 Qa7 44. Be5 Qb7 45. Kh2 Qc8 46. Ng3 Rc1 47. Rxc1 Qxc1 48. Qc2 Qxc2 49. Bxc2 Bb2 50. Ne2 Kf8 51. Bd6+ Ke8 52. b4 Nxd4 53. Nxd4 Bxd4 54. Bb3 Kd7 55. Bf8 Kc6 56. Kg3 Bc8 57. a4 Be6 58. a5 Bc3 59. Kf2 d4 60. Bxe6 fxe6 61. Ke2 e5 62. Kd3 h5 63. g4 Be1 64. Ke4 h4 65. Bc5 Bg3 66. a6 Bf4 67. Kd3 Be3 68. Ke4 1/2-1/2

[Event "Madrid San Viator op-B 30th"]
[Site "Madrid"]
[Date "2018.05.13"]
[Round "5"]
[White "Alises Fontecha, Juan"]
[Black "Alameda Arellano, Cristeto"]
[Result "1-0"]
[WhiteElo "1530"]
[BlackElo "1600"]
[PlyCount "69"]
[EventDate "2018.04.08"]
[EventType "swiss"]
[EventRounds "9"]
[EventCountry "ESP"]
[SourceTitle "EXT 2019"]
[Source "ChessBase"]
[SourceDate "2018.10.10"]
[SourceVersion "1"]
[SourceVersionDate "2018.10.10"]
[SourceQuality "1"]

1. e4 c6 2. d4 d5 3. e5 c5 4. c3 Nc6 5. Nf3 Bg4 6. Be2 e6 7. b3 cxd4 8. cxd4 Bb4+ 9. Bd2 Qb6 10. a3 Bxf3 11. axb4 Bxe2 12. Qxe2 Nxd4 13. Qd3 Nc6 14. b5 Nxe5 15. Qg3 Ng6 16. 0-0 Nf6 17. Bb4 Ne4 18. Qe3 Qxb5 19. Ra4 a5 20. f3 Rc8 21. Na3 Qd7 22. Rxa5 Nd6 23. Rxd5 Rc6 24. Rfd1 0-0 25. Rxd6 Rxd6 26. Rxd6 Qc7 27. Qd2 Ra8 28. Nb5 Qc8 29. Qc3 Qb8 30. Ba5 Nf4 31. Qc7 Qe8 32. Rd8 Rxd8 33. Qxd8 Kf8 34. Qxe8+ Kxe8 35. Nd6+ 1-0

[Event "Madrid-ch Previa-B"]
[Site "Madrid"]
[Date "2018.02.24"]
[Round "9"]
[White "Alameda Arellano, Cristeto"]
[Black "Castro Uceda, Jose Antonio"]
[Result "1/2-1/2"]
[WhiteElo "1616"]
[BlackElo "1622"]
[PlyCount "81"]
[EventDate "2018.02.01"]
[EventType "swiss"]
[EventRounds "9"]
[EventCountry "ESP"]
[SourceTitle "EXT 2020"]
[Source "ChessBase"]
[SourceDate "2019.10.17"]
[SourceVersion "1"]
[SourceVersionDate "2019.10.17"]
[SourceQuality "1"]

1. d4 Nf6 2. Bf4 d5 3. e3 Bf5 4. c4 c6 5. Nc3 e6 6. Nf3 Be7 7. h3 0-0 8. Qb3 Qc8 9. Rc1 Nbd7 10. Be2 Re8 11. 0-0 h6 12. cxd5 Nxd5 13. Nxd5 exd5 14. Bd3 Nb6 15. Bxf5 Qxf5 16. a4 Qc8 17. Ne5 Bf6 18. a5 Bxe5 19. Bxe5 Nc4 20. Qc3 Nxe5 21. dxe5 Qe6 22. a6 bxa6 23. Qxc6 Rac8 24. Qxe6 fxe6 25. Ra1 Rc6 26. b4 Rb8 27. Rfb1 Rb7 28. Rb3 Rb5 29. Rba3 Rxb4 30. Rxa6 Rcb6 31. Rxa7 Re4 32. Re7 Rxe5 33. Raa7 Rg5 34. h4 Rg6 35. Ra8+ Kh7 36. Ree8 Rg4 37. g3 Kg6 38. Rab8 Rxb8 39. Rxb8 Kf5 40. Kg2 Rc4 41. Rd8 1/2-1/2

[Event "Madrid San Viator op-B 29th"]
[Site "Madrid"]
[Date "2017.09.17"]
[Round "1"]
[White "Alameda Arellano, Cristeto"]
[Black "Serrano Ruiz, Miguel"]
[Result "1-0"]
[WhiteElo "1577"]
[BlackElo "1237"]
[PlyCount "75"]
[EventDate "2017.09.17"]
[EventType "swiss"]
[EventRounds "9"]
[EventCountry "ESP"]
[SourceTitle "EXT 2019"]
[Source "ChessBase"]
[SourceDate "2018.10.10"]
[SourceVersion "1"]
[SourceVersionDate "2018.10.10"]
[SourceQuality "1"]

1. d4 d5 2. Bf4 Nc6 3. e3 Nf6 4. Bd3 e6 5. Nf3 Bd6 6. Bg3 0-0 7. Nbd2 Qe7 8. Ne5 Bxe5 9. dxe5 Nd7 10. f4 Nb4 11. Be2 Qc5 12. c3 Nc6 13. Bf2 Qe7 14. Bd3 Nc5 15. Bc2 f6 16. exf6 Qxf6 17. Nf3 Bd7 18. Bh4 Qh6 19. Bg5 Qh5 20. h3 b5 21. g4 Qf7 22. Qe2 Rae8 23. 0-0-0 e5 24. f5 a6 25. Bh4 h6 26. Qd2 g5 27. Bg3 e4 28. Nd4 Ne5 29. Bxe5 Rxe5 30. h4 gxh4 31. Rxh4 Qg7 32. Rdh1 Rf6 33. Ne2 Be8 34. Nf4 Rd6 35. Qd4 Nd7 36. Ne6 c5 37. Qd1 Qf7 38. Rxh6 1-0

[Event "Madrid Chamartin op 6th"]
[Site "Madrid"]
[Date "2017.09.08"]
[Round "7"]
[White "Alameda Arellano, Cristeto"]
[Black "Perez Cameselle, Francisco Jose"]
[Result "0-1"]
[WhiteElo "1577"]
[BlackElo "1789"]
[PlyCount "72"]
[EventDate "2017.09.04"]
[EventType "swiss"]
[EventRounds "9"]
[EventCountry "ESP"]
[SourceTitle "CBM 180 Extra"]
[Source "ChessBase"]
[SourceDate "2017.10.06"]
[SourceVersion "1"]
[SourceVersionDate "2017.10.06"]
[SourceQuality "1"]

1. d4 Nf6 2. Bf4 e6 3. e3 Be7 4. Nd2 0-0 5. Ngf3 b6 6. h3 Bb7 7. Be2 c5 8. c3 d6 9. 0-0 Nbd7 10. a4 h6 11. Qb1 Rc8 12. a5 Qc7 13. axb6 axb6 14. e4 Ra8 15. Qd3 Rfd8 16. Qe3 Rxa1 17. Rxa1 Ra8 18. Rxa8+ Bxa8 19. Bg3 Bc6 20. Bd3 Qa7 21. Nc4 b5 22. Na3 b4 23. cxb4 cxb4 24. Nc4 Bb5 25. b3 Qa1+ 26. Kh2 Qc3 27. e5 dxe5 28. dxe5 Nd5 29. Qe4 g6 30. Bc2 Nc5 31. Qe1 Qxc2 32. Nd4 Qc3 33. Qxc3 Nxc3 34. Nxb5 Nxb5 35. Bf4 g5 36. Bd2 Nxb3 0-1

[Event "Collado Villalba op-B 34th"]
[Site "Collado Villalba"]
[Date "2017.08.29"]
[Round "8"]
[White "Alameda Arellano, Cristeto"]
[Black "Garcia Prada, Alejandro"]
[Result "1/2-1/2"]
[WhiteElo "1577"]
[BlackElo "1505"]
[PlyCount "97"]
[EventDate "2017.08.22"]
[EventType "swiss"]
[EventRounds "9"]
[EventCountry "ESP"]
[SourceTitle "CBM 180 Extra"]
[Source "ChessBase"]
[SourceDate "2017.10.06"]
[SourceVersion "1"]
[SourceVersionDate "2017.10.06"]
[SourceQuality "1"]

1. d4 d5 2. Bf4 Nf6 3. e3 c5 4. c3 Nc6 5. Nd2 Bf5 6. Ngf3 Qb6 7. Qc1 e6 8. Be2 Be7 9. h3 0-0 10. Nh4 Bg6 11. Nxg6 hxg6 12. Nf3 Rac8 13. Qd2 Ne4 14. dxc5 Bxc5 15. Qc2 Bd6 16. Bxd6 Nxd6 17. 0-0 Rfd8 18. Rfd1 Nf5 19. Qb3 Qc5 20. Nd4 Ncxd4 21. exd4 Qe7 22. Re1 Rc6 23. Qa4 a6 24. Qb3 Rdd6 25. a4 Rb6 26. Qc2 Rbc6 27. Qd3 Qc7 28. Qd2 Rd7 29. Bg4 Rcd6 30. Bxf5 gxf5 31. Qg5 Qd8 32. Qxd8+ Rxd8 33. Re2 Rb6 34. g3 g6 35. h4 Kg7 36. a5 Rb5 37. Kg2 Rb8 38. b4 Rc8 39. Re3 Kf6 40. f4 Ra8 41. Re2 Ke7 42. Kf3 Kd6 43. Ke3 Rc8 44. Kd3 Rg8 45. Rc2 Rc8 46. Rh2 Rg8 47. Rc2 Ke7 48. Rh2 f6 49. Re1 1/2-1/2

[Event "Tres Cantos op 9th"]
[Site "Tres Cantos"]
[Date "2017.06.24"]
[Round "3"]
[White "Alameda Arellano, Cristeto"]
[Black "Fernandez Garcia, Ignacio"]
[Result "1-0"]
[WhiteElo "1538"]
[BlackElo "1868"]
[PlyCount "47"]
[EventDate "2017.06.22"]
[EventType "swiss"]
[EventRounds "9"]
[EventCountry "ESP"]
[SourceTitle "EXT 2019"]
[Source "ChessBase"]
[SourceDate "2018.10.10"]
[SourceVersion "1"]
[SourceVersionDate "2018.10.10"]
[SourceQuality "1"]

1. d4 Nf6 2. Bf4 d5 3. e3 e6 4. Nd2 Nbd7 5. Ngf3 c5 6. c3 a6 7. Bd3 b5 8. a3 Qb6 9. Ne5 a5 10. Ndf3 c4 11. Bc2 a4 12. Ng5 Nxe5 13. dxe5 h6 14. Nxf7 Kxf7 15. exf6 gxf6 16. Qh5+ Ke7 17. 0-0 Bd7 18. Rad1 Be8 19. Qf3 Rd8 20. e4 Bg6 21. Be3 Qb7 22. exd5 Rxd5 23. Bxg6 f5 24. Rxd5 1-0

[Event "Madrid-ch Previa-B"]
[Site "Madrid"]
[Date "2017.02.11"]
[Round "5"]
[White "Alameda Arellano, Cristeto"]
[Black "Osuna Osuna, Francisco"]
[Result "1/2-1/2"]
[WhiteElo "1507"]
[BlackElo "1588"]
[PlyCount "91"]
[EventDate "2017.02.02"]
[EventType "swiss"]
[EventRounds "9"]
[EventCountry "ESP"]
[SourceTitle "EXT 2018"]
[Source "ChessBase"]
[SourceDate "2017.10.13"]
[SourceVersion "1"]
[SourceVersionDate "2017.10.13"]
[SourceQuality "1"]

1. d4 f5 2. Nf3 Nf6 3. Bf4 e6 4. e3 d5 5. c4 c6 6. Nc3 Bd6 7. Bxd6 Qxd6 8. c5 Qd8 9. Ne5 0-0 10. b4 Ne4 11. Qc2 Qf6 12. g3 Nd7 13. Nxd7 Bxd7 14. f4 h5 15. h4 Nxg3 16. Rg1 Nxf1 17. Rxf1 Qxh4+ 18. Rf2 Qf6 19. 0-0-0 Kf7 20. Rg1 Rh8 21. Rfg2 Rag8 22. Rg6 Qe7 23. Qg2 Kf8 24. Qh3 Be8 25. R6g5 g6 26. Na4 Qc7 27. Nb2 b6 28. Nd3 bxc5 29. Nxc5 Ke7 30. Qh4 Kf7 31. Nd3 Qb7 32. Ne5+ Kf8 33. Nxg6+ Bxg6 34. Rxg6 Rxg6 35. Rxg6 Qe7 36. Rf6+ Ke8 37. Qg5 Kd7 38. Qg6 Rf8 39. Rxf8 Qxf8 40. Qxh5 Qxb4 41. Qf7+ Kd8 42. Qxe6 Qc3+ 43. Kb1 Qb4+ 44. Kc1 Qc3+ 45. Kb1 Qb4+ 46. Kc1 1/2-1/2

[Event "Madrid-ch Previa-B"]
[Site "Madrid"]
[Date "2017.02.02"]
[Round "1"]
[White "Alameda Arellano, Cristeto"]
[Black "Fernandez Estremera, Fernando"]
[Result "0-1"]
[WhiteElo "1507"]
[BlackElo "1793"]
[PlyCount "66"]
[EventDate "2017.02.02"]
[EventType "swiss"]
[EventRounds "9"]
[EventCountry "ESP"]
[SourceTitle "EXT 2018"]
[Source "ChessBase"]
[SourceDate "2017.10.13"]
[SourceVersion "1"]
[SourceVersionDate "2017.10.13"]
[SourceQuality "1"]

1. d4 Nf6 2. Bf4 e6 3. e3 b6 4. Nf3 Bb7 5. Be2 d6 6. Nbd2 Be7 7. h3 Nbd7 8. 0-0 0-0 9. c3 c5 10. a4 cxd4 11. exd4 Nd5 12. Bh2 Qc7 13. a5 bxa5 14. Nc4 a4 15. Qxa4 N5b6 16. Nxb6 axb6 17. Qc2 Qb8 18. Qd3 Ra7 19. Qb5 Rd8 20. Nd2 Qa8 21. Rxa7 Qxa7 22. Qb4 Nf6 23. c4 Ne4 24. Nb3 Bc6 25. Ra1 Qb7 26. d5 exd5 27. cxd5 Bxd5 28. Ra6 Rb8 29. Qa3 Qc6 30. f3 Bxb3 31. fxe4 Qxe4 32. Qxb3 Qxe2 33. Bg3 Qxa6 0-1

[Event "Madrid San Viator op-B 27th"]
[Site "Madrid"]
[Date "2016.09.25"]
[Round "1"]
[White "Alameda Arellano, Cristeto"]
[Black "Periotto Miori, Caterina"]
[Result "1-0"]
[WhiteElo "1550"]
[BlackElo "1151"]
[PlyCount "61"]
[EventDate "2016.09.25"]
[EventType "swiss"]
[EventRounds "9"]
[EventCountry "ESP"]
[SourceTitle "EXT 2017"]
[Source "ChessBase"]
[SourceDate "2016.10.25"]
[SourceVersion "1"]
[SourceVersionDate "2016.10.25"]
[SourceQuality "1"]

1. d4 d5 2. c4 e6 3. Nc3 Nf6 4. Nf3 Be7 5. Bg5 0-0 6. e3 Nbd7 7. Bd3 b6 8. Rc1 Bb7 9. 0-0 Rc8 10. cxd5 Nxd5 11. Bxe7 Nxe7 12. Qe2 Rb8 13. Bb1 Nf6 14. Rfd1 h6 15. e4 a6 16. Qc2 Ng6 17. h3 h5 18. Ng5 Nh7 19. Nxe6 fxe6 20. e5 Qe8 21. Qxg6 Qxg6 22. Bxg6 Rfd8 23. b4 Nf8 24. Bxh5 Nd7 25. Bg4 Re8 26. Ne2 Rbc8 27. Nf4 Nf8 28. d5 c6 29. dxe6 Ra8 30. Rd6 Nh7 31. e7 1-0

[Event "Madrid-ch Previa-B"]
[Site "Madrid"]
[Date "2016.02.13"]
[Round "5"]
[White "Alameda Arellano, Cristeto"]
[Black "Cuellar Gutierrez, Raul"]
[Result "0-1"]
[WhiteElo "1520"]
[BlackElo "1797"]
[PlyCount "83"]
[EventDate "2016.02.04"]
[EventType "swiss"]
[EventRounds "9"]
[EventCountry "ESP"]
[SourceTitle "CBM 171 Extra"]
[Source "ChessBase"]
[SourceDate "2016.04.26"]
[SourceVersion "1"]
[SourceVersionDate "2016.04.26"]
[SourceQuality "1"]

1. d4 Nf6 2. c4 g6 3. Nc3 Bg7 4. e4 d6 5. Nf3 0-0 6. Be2 Qe8 7. 0-0 e5 8. d5 a5 9. Be3 Na6 10. a3 Bd7 11. Rc1 Ng4 12. Bd2 f5 13. h3 Nf6 14. Bd3 Nc5 15. Qe2 Nxd3 16. Qxd3 fxe4 17. Nxe4 Bf5 18. Nxf6+ Rxf6 19. Qb3 b6 20. Bg5 Rf7 21. Qe3 Qf8 22. Qd2 Bxh3 23. Nxe5 Bxe5 24. f4 Bxg2 25. Kxg2 Bg7 26. Rce1 Re8 27. Re6 Rc8 28. Qe2 Bf6 29. Bxf6 Rxf6 30. Re7 Qh6 31. Qg4 Qf8 32. Qd7 Rd8 33. Qxc7 Re8 34. Rxe8 Qxe8 35. Qxb6 Qe4+ 36. Kg1 Rf5 37. Qd8+ Kg7 38. Qxd6 Rh5 39. Qd7+ Kh6 40. Qg4 Rh1+ 41. Kf2 Rh2+ 42. Kg1 0-1

[Event "Madrid-ch Previa-B"]
[Site "Madrid"]
[Date "2016.02.12"]
[Round "4"]
[White "Canseco Arenas, Alfonso"]
[Black "Alameda Arellano, Cristeto"]
[Result "0-1"]
[WhiteElo "1697"]
[BlackElo "1520"]
[PlyCount "70"]
[EventDate "2016.02.04"]
[EventType "swiss"]
[EventRounds "9"]
[EventCountry "ESP"]
[SourceTitle "CBM 171 Extra"]
[Source "ChessBase"]
[SourceDate "2016.04.26"]
[SourceVersion "1"]
[SourceVersionDate "2016.04.26"]
[SourceQuality "1"]

1. a3 d5 2. Nf3 Nf6 3. d4 Bf5 4. Bf4 e6 5. e3 Bd6 6. Bxd6 Qxd6 7. c4 Nbd7 8. c5 Qe7 9. Nc3 c6 10. b4 0-0 11. Be2 e5 12. 0-0 e4 13. Nh4 Be6 14. g3 Bh3 15. Re1 Ne8 16. Ng2 Bxg2 17. Kxg2 f5 18. Kh1 Nef6 19. Rg1 Ng4 20. Rg2 Qg5 21. Bf1 Rf6 22. Ne2 Nf8 23. Nf4 Rh6 24. h3 Re8 25. Kg1 Nf6 26. h4 Rxh4 27. gxh4 Qxh4 28. Be2 Ne6 29. Nxe6 Rxe6 30. Qf1 Ng4 31. Bxg4 Rh6 32. f3 fxg4 33. Qe1 Qh1+ 34. Kf2 g3+ 35. Kxg3 Qh4# 0-1

[Event "San Sebastian de los Reyes op 17th"]
[Site "San Sebastian"]
[Date "2015.12.01"]
[Round "2"]
[White "Alameda Arellano, Cristeto"]
[Black "Guillo Sanchez Galiano, Ernesto"]
[Result "1-0"]
[WhiteElo "1545"]
[BlackElo "1201"]
[PlyCount "59"]
[EventDate "2015.11.30"]
[EventType "swiss"]
[EventRounds "9"]
[EventCountry "ESP"]
[SourceTitle "CBM 170 Extra"]
[Source "ChessBase"]
[SourceDate "2016.02.25"]
[SourceVersion "1"]
[SourceVersionDate "2016.02.25"]
[SourceQuality "1"]

1. d4 d6 2. Nf3 Nf6 3. c4 g6 4. Nc3 Bg7 5. e4 0-0 6. Be2 b6 7. Qd3 c5 8. Be3 Bb7 9. 0-0-0 Nc6 10. d5 Nb8 11. Qd2 Ng4 12. h3 Nxe3 13. Qxe3 e6 14. h4 h5 15. Ng5 Bc8 16. g4 hxg4 17. dxe6 Bxe6 18. Nxe6 fxe6 19. Bxg4 Re8 20. e5 Bxe5 21. Qe4 Qf6 22. Rd3 Na6 23. Rf3 Qg7 24. Rg1 Kh8 25. Kb1 Nc7 26. Bh5 Rg8 27. Bxg6 Raf8 28. Rg5 Qxg6 29. Rxg6 Rxg6 30. Rxf8+ 1-0